Nelson

محفوظ في:
التفاصيل البيبلوغرافية
المؤلف الرئيسي: Wilkinson, Clennell (مؤلف)
التنسيق: كتاب
اللغة:الإسبانية
منشور في: Santiago Zig-Zag 1939
سلاسل:Biografías
الموضوعات:
الوسوم: إضافة وسم
لا توجد وسوم, كن أول من يضع وسما على هذه التسجيلة!

MARC

LEADER 00000nam a2200000 a 4500
001 UCI4402
003 CL-VaPUC
008 080118e19390000CL |||||||||||||||||spa|d
082 0 4 |a 928.42  |b WIL  |2 21 
100 0 |a Wilkinson, Clennell  |e author  |9 526306 
245 1 0 |a Nelson 
300 |a 361 p 
942 |c BK 
945 |d 20080118 00:00:00  |a rbrito 
260 |a Santiago  |b Zig-Zag  |c 1939 
500 |a Donación Padres Capuchinos 
600 0 7 |a NELSON, HORACIO  |2 CL-VaPUC  |9 438300 
650 0 |a Biografías  |9 255210 
650 0 |a Almirantes  |9 438214 
650 0 |a Historia de Inglaterra  |9 376029 
651 0 |a Inglaterra  |9 255158 
583 |a last modification  |c 20170726 04:36:41  |k Rodrigo Vera 
490 0 |a Biografías 
999 |c 328344  |d 328342 
952 |0 0  |1 0  |4 0  |6 928_420000000000000_WIL_1939  |7 0  |8 X  |9 412208  |a FDOBUD  |b FDOBUD  |d 2019-11-22  |i 4401867  |o 928.42 WIL 1939  |p 4401867  |r 2019-11-22  |w 2019-11-22  |y BK_X  |k BUD